=LDR 00000nam 2200000 4500 =001 INLIS000000000027667 =005 20130612130025 =008 ***********************************Ind** =035 ##$$0010-061300000027667 =041 ##$$a Ind =082 ##$$a F Rom D =090 ##$$a F Rom D, Aks k =100 ##$$a Aksana, Andrei =245 ##$$a Karena aku mencintaimu, Andrei Aksana ; editor, Hatih Rusli =260 ##$$a 2006 $b Jakarta =300 ##$$a 304 hlm, 21 cm =650 ##$$a Fiksi Dewasa =700 ##$$a Rusli, Hetih =850 ##$$a NBPNMAT